| 000 | 00798nam a2200217 a 4500 | ||
|---|---|---|---|
| 003 | 0 | ||
| 005 | 20250312185044.0 | ||
| 008 | 080724s19uu xx 00 eng d | ||
| 050 |
_aPGS HQ 770 _b.C113 2008 |
||
| 100 | _aCabasal, Paul Nestor S. | ||
| 245 |
_aDiscipline practices applied by Filipino and Korean parents / _cPaul Nestor S. Cabasal. |
||
| 260 |
_aLas PiƱas City, Philippines : _bSouthville International School and Colleges, _c2008. |
||
| 300 |
_a38 pages : _billustrations ; _c28 cm. |
||
| 504 | _aIncludes bibliographic references. | ||
| 650 | _aDiscipline of children. | ||
| 650 |
_aParenting styles _vCross-cultural studies. |
||
| 650 |
_aParenting _vPhilippines. |
||
| 650 |
_aParenting _vKorea. |
||
| 650 |
_aChild rearing _vCultural differences. |
||
| 942 |
_2lcc _cPASS |
||
| 999 |
_c97924 _d97924 |
||